[Event "TUR-chT2"]
[Site "Konya"]
[Date "2017.07.12"]
[Round "6.10"]
[White "Kacar, Hurkan"]
[Black "Isak, Can"]
[Result "1/2-1/2"]
[WhiteElo "1724"]
[BlackElo "1357"]
[PlyCount "111"]
[EventDate "2017.07.09"]
[EventType "team-swiss"]
[EventRounds "9"]
[EventCountry "TUR"]
[SourceTitle "CBM 179 Extra"]
[Source "ChessBase"]
[SourceDate "2017.08.23"]
[SourceVersion "1"]
[SourceVersionDate "2017.08.23"]
[SourceQuality "1"]
[WhiteTeam "Dobruca"]
[BlackTeam "Atakum Belediye"]
[WhiteTeamCountry "TUR"]
[BlackTeamCountry "TUR"]

1. e4 e5 2. Nc3 Nf6 3. Nf3 Nc6 4. d4 exd4 5. Nxd4 Bb4 6. Nxc6 bxc6 7. Bd3 0-0 8. 0-0 d5 9. exd5 cxd5 10. Bg5 c6 11. Qf3 Be7 12. h3 h6 13. Bd2 Nh7 14. Rfe1 Bg5 15. Rad1 Bxd2 16. Rxd2 Ng5 17. Qg3 Re8 18. Rxe8+ Qxe8 19. Re2 Qd8 20. Kh2 Be6 21. f4 Nh7 22. f5 Bd7 23. Qd6 Qb8 24. Qxb8+ Rxb8 25. Na4 Kf8 26. Nc5 Nf6 27. b3 Re8 28. Rxe8+ Kxe8 29. g4 Ke7 30. Kg3 Kd6 31. b4 Bc8 32. Kf4 Nd7 33. Nxd7 Bxd7 34. h4 f6 35. a3 Bc8 36. Be2 Bb7 37. Bf1 Bc8 38. Bd3 Bb7 39. g5 fxg5+ 40. hxg5 hxg5+ 41. Kxg5 Bc8 42. Kf4 Bb7 43. Be2 Bc8 44. Bh5 Bd7 45. Bg6 Bc8 46. Be8 Bb7 47. a4 Ke7 48. Bh5 Kf6 49. Be2 Bc8 50. Bd3 Bd7 51. c3 Bc8 52. Bc2 Bd7 53. Bd3 Bc8 54. Bc2 Bd7 55. Bd3 Bc8 56. Bc2 1/2-1/2

[Event "TUR-chT2"]
[Site "Konya"]
[Date "2017.07.11"]
[Round "4.7"]
[White "Kacar, Hurkan"]
[Black "Tayhan, Nart Murat"]
[Result "0-1"]
[WhiteElo "1724"]
[BlackElo "1714"]
[PlyCount "68"]
[EventDate "2017.07.09"]
[EventType "team-swiss"]
[EventRounds "9"]
[EventCountry "TUR"]
[SourceTitle "CBM 179 Extra"]
[Source "ChessBase"]
[SourceDate "2017.08.23"]
[SourceVersion "1"]
[SourceVersionDate "2017.08.23"]
[SourceQuality "1"]
[WhiteTeam "Dobruca"]
[BlackTeam "Genclik Merkezi Genc"]
[WhiteTeamCountry "TUR"]
[BlackTeamCountry "TUR"]

1. e4 c5 2. Nf3 d6 3. d4 cxd4 4. Nxd4 Nf6 5. Nc3 a6 6. Be2 e5 7. Nb3 Be7 8. 0-0 0-0 9. f4 b5 10. Bf3 Bb7 11. a3 Nbd7 12. Qe2 Rc8 13. f5 Nb6 14. Na5 Ba8 15. Qf2 Na4 16. Nxa4 bxa4 17. b4 axb3 18. Nxb3 Bxe4 19. Bxe4 Nxe4 20. Qe2 d5 21. Be3 Qd6 22. Kh1 Bf6 23. Rae1 Qc6 24. Nd2 Nxd2 25. Qxd2 d4 26. Bg5 Qxc2 27. Qxc2 Rxc2 28. Bc1 Rfc8 29. g4 h6 30. Kg1 Ra2 31. h4 Rcc2 32. Rf3 e4 33. Rf4 Bxh4 34. Rd1 Rg2+ 0-1

[Event "TUR-chT2"]
[Site "Konya"]
[Date "2017.07.10"]
[Round "2.9"]
[White "Kacar, Hurkan"]
[Black "Ates, Mehmet Aziz"]
[Result "1-0"]
[WhiteElo "1724"]
[BlackElo "1699"]
[PlyCount "53"]
[EventDate "2017.07.09"]
[EventType "team-swiss"]
[EventRounds "9"]
[EventCountry "TUR"]
[SourceTitle "CBM 179 Extra"]
[Source "ChessBase"]
[SourceDate "2017.08.23"]
[SourceVersion "1"]
[SourceVersionDate "2017.08.23"]
[SourceQuality "1"]
[WhiteTeam "Dobruca"]
[BlackTeam "Genclik Il Mudurlugu"]
[WhiteTeamCountry "TUR"]
[BlackTeamCountry "TUR"]

1. e4 c5 2. Nf3 Nc6 3. d4 cxd4 4. Nxd4 Qb6 5. Nb3 Nf6 6. Nc3 e6 7. Be3 Qc7 8. a3 a6 9. Be2 Be7 10. 0-0 b5 11. f4 d6 12. Qe1 Bb7 13. Bf3 Nd7 14. Qf2 Na5 15. Nxa5 Qxa5 16. Bd4 e5 17. fxe5 dxe5 18. Be3 Rc8 19. Bg4 Rxc3 20. Qxf7+ Kd8 21. bxc3 Qxc3 22. Bg5 Qc5+ 23. Kh1 Bxe4 24. Rad1 Bc6 25. Qe6 Bxg5 26. Rxd7+ Kc8 27. Rd5+ 1-0